[Event "DVM U14 2018"]
[Site "Magdeburg GER"]
[Date "2018.12.27"]
[Round "2"]
[White "von Krosigk, Florian"]
[Black "Beer, Ludwig"]
[Result "1/2-1/2"]
[Termination "normal"]
[Board "1.3"]
[WhiteElo "1935"]
[BlackElo "1549"]
[WhiteClock "00:02:20"]
[BlackClock "00:11:08"]
[WhiteTeam "Hamburger SK"]
[BlackTeam "SV Empor Berlin"]
[PlyCount "46"]
[WhiteFideId "16227808"]
[BlackFideId "16202813"]
[EventCountry "GER"]
[EventRounds "7"]
[EventType "team-swiss"]
[EventDate "2018.12.26"]

1. e4 c5 2. Nf3 d6 3. Bb5+ Nc6 4. O-O Bd7 5. Re1 Qc7 6. Nc3 Nf6 7. d4 cxd4 8.
Nxd4 g6 9. Nd5 Nxd5 10. exd5 Ne5 11. Bxd7+ Qxd7 12. f4 Ng4 13. b3 Bg7 14. Bb2
O-O 15. c4 Nh6 16. Rb1 Rfe8 17. Qd2 Nf5 18. Nxf5 Qxf5 19. Bxg7 Kxg7 20. Qd4+
Qf6 21. Qe4 Rab8 22. a4 e6 23. g3 e5 1/2-1/2

[Event "DVM U14 2018"]
[Site "Magdeburg GER"]
[Date "2018.12.27"]
[Round "2"]
[White "Fricke, Janek Konrad"]
[Black "Blome, Johannes"]
[Result "0-1"]
[Termination "normal"]
[Board "1.4"]
[WhiteElo "1503"]
[BlackElo "1683"]
[WhiteClock "00:38:03"]
[BlackClock "00:34:08"]
[WhiteTeam "SV Empor Berlin"]
[BlackTeam "Hamburger SK"]
[PlyCount "70"]
[WhiteFideId "12997471"]
[BlackFideId "16233972"]
[EventCountry "GER"]
[EventRounds "7"]
[EventType "team-swiss"]
[EventDate "2018.12.26"]

1. e4 c5 2. d4 cxd4 3. c3 dxc3 4. Nxc3 Nc6 5. Bc4 e6 6. Nf3 d6 7. O-O Be7 8.
Qe2 a6 9. Rd1 Bd7 10. Bf4 e5 11. Bg3 Nf6 12. Nd5 Nxd5 13. Bxd5 O-O 14. Rac1 Qe8
15. Bh4 Bxh4 16. Nxh4 Nd4 17. Qe3 Bc6 18. Nf5 Bxd5 19. Rxd4 exd4 20. Qxd4 Qe5
21. Qxd5 Qxd5 22. exd5 Rad8 23. Rc7 g6 24. Ne7+ Kg7 25. Rxb7 Rb8 26. Rd7 Rfe8
27. g3 Rxb2 28. Nc6 Ree2 29. Nd8 Rxf2 30. a3 Rg2+ 31. Kh1 Rxh2+ 32. Kg1 Rhg2+
33. Kh1 Rgf2 34. Kg1 Rf3 35. g4 Rg3+ 0-1

[Event "DVM U14 2018"]
[Site "Magdeburg GER"]
[Date "2018.12.27"]
[Round "2"]
[White "Liebold, Aaron"]
[Black "Stockmann, Till"]
[Result "0-1"]
[Termination "normal"]
[Board "2.1"]
[WhiteElo "1892"]
[BlackElo "1856"]
[WhiteClock "01:01:21"]
[BlackClock "00:57:55"]
[WhiteTeam "ESV Gera"]
[BlackTeam "Schachzwerge Magdeburg"]
[PlyCount "32"]
[WhiteFideId "12997846"]
[BlackFideId "12979341"]
[EventCountry "GER"]
[EventRounds "7"]
[EventType "team-swiss"]
[EventDate "2018.12.26"]

1. e4 c5 2. Nf3 d6 3. d4 cxd4 4. Nxd4 Nf6 5. Nc3 g6 6. Be3 Bg7 7. Be2 O-O 8.
O-O Nc6 9. f3 d5 10. exd5 Nxd5 11. Nxd5 Qxd5 12. Nxc6 Qxc6 13. c3 Be6 14. Qc2
Bxa2 15. Kf2 Be6 16. Bxa7 Rxa7 0-1

[Event "DVM U14 2018"]
[Site "Magdeburg GER"]
[Date "2018.12.27"]
[Round "2"]
[White "Morgenstern, Tobias"]
[Black "Müller, Magnus"]
[Result "1/2-1/2"]
[Termination "normal"]
[Board "2.2"]
[WhiteElo "1734"]
[BlackElo "1830"]
[WhiteClock "00:01:00"]
[BlackClock "00:09:09"]
[WhiteTeam "Schachzwerge Magdeburg"]
[BlackTeam "ESV Gera"]
[PlyCount "78"]
[WhiteFideId "12974390"]
[BlackFideId "16230060"]
[EventCountry "GER"]
[EventRounds "7"]
[EventType "team-swiss"]
[EventDate "2018.12.26"]

1. e4 c5 2. Nf3 Nc6 3. d4 cxd4 4. Nxd4 Qb6 5. Nb3 Nf6 6. Nc3 e6 7. Be3 Qc7 8.
f3 Bb4 9. Qd2 O-O 10. a3 Bxc3 11. Qxc3 d5 12. Bg5 Nh5 13. exd5 exd5 14. O-O-O
h6 15. Be3 Rd8 16. Nd4 Be6 17. g4 Nf4 18. Qd2 Ng6 19. Be2 Nxd4 20. Qxd4 Ne7 21.
h4 Rac8 22. Qd2 d4 23. Bf4 Qc6 24. g5 Bb3 25. Bd3 Nd5 26. Kb1 Bxc2+ 27. Bxc2
Nxf4 28. Be4 Qd6 29. Rdg1 h5 30. g6 f6 31. Qa5 Qc5 32. Qxc5 Rxc5 33. Bxb7 Rb8
34. Be4 a5 35. Rd1 f5 36. Bc2 Rcb5 37. Rxd4 Rxb2+ 38. Ka1 Ne2 39. Ra4 Nd4
1/2-1/2

[Event "DVM U14 2018"]
[Site "Magdeburg GER"]
[Date "2018.12.27"]
[Round "2"]
[White "Schubert, Nikita"]
[Black "Joppich, Til"]
[Result "1-0"]
[Termination "normal"]
[Board "2.3"]
[WhiteElo "1969"]
[BlackElo "1889"]
[WhiteClock "00:38:53"]
[BlackClock "00:57:08"]
[WhiteTeam "ESV Gera"]
[BlackTeam "Schachzwerge Magdeburg"]
[PlyCount "36"]
[WhiteFideId "16212339"]
[BlackFideId "16232917"]
[EventCountry "GER"]
[EventRounds "7"]
[EventType "team-swiss"]
[EventDate "2018.12.26"]

1. d4 Nf6 2. c4 g6 3. g3 Bg7 4. Bg2 O-O 5. Nc3 d6 6. Nf3 c6 7. O-O Qb6 8. e4 e5
9. dxe5 dxe5 10. Nxe5 Qc5 11. Bf4 Nbd7 12. Nxd7 Bxd7 13. Bd6 Qa5 14. e5 Rfd8
15. exf6 Bxf6 16. c5 Qb4 17. Qb3 Qxb3 18. axb3 Be6 1-0

[Event "DVM U14 2018"]
[Site "Magdeburg GER"]
[Date "2018.12.27"]
[Round "2"]
[White "Heutling, Elina"]
[Black "Helmsdorf, Marius"]
[Result "1-0"]
[Termination "normal"]
[Board "2.4"]
[WhiteElo "1742"]
[BlackElo "1533"]
[WhiteClock "00:09:42"]
[BlackClock "00:01:11"]
[WhiteTeam "Schachzwerge Magdeburg"]
[BlackTeam "ESV Gera"]
[PlyCount "57"]
[WhiteFideId "16244729"]
[BlackFideId "16274873"]
[EventCountry "GER"]
[EventRounds "7"]
[EventType "team-swiss"]
[EventDate "2018.12.26"]

1. e4 c5 2. Nf3 Nc6 3. d4 cxd4 4. Nxd4 g6 5. c4 Bg7 6. Be3 Qa5+ 7. Nc3 d6 8.
Be2 Nf6 9. O-O O-O 10. a3 Nxd4 11. Bxd4 Bd7 12. b4 Qc7 13. Rc1 b6 14. f4 Bc6
15. Bf3 Nd7 16. Be3 e5 17. f5 Nf6 18. g4 h6 19. Qd2 Kh7 20. g5 hxg5 21. Bxg5
Rh8 22. Bg2 Qe7 23. Rf3 gxf5 24. Rxf5 Kg6 25. Rcf1 Rh5 26. Bxf6 Bxf6 27. Rxf6+
Qxf6 28. Rxf6+ Kxf6 29. Qxd6+ 1-0

[Event "DVM U14 2018"]
[Site "Magdeburg GER"]
[Date "2018.12.27"]
[Round "2"]
[White "Bui, Bao Anh Le"]
[Black "Kamp, Adrian"]
[Result "1/2-1/2"]
[Termination "normal"]
[Board "3.1"]
[WhiteElo "2071"]
[BlackElo "1895"]
[WhiteClock "01:01:09"]
[BlackClock "00:34:47"]
[WhiteTeam "SV Mattnetz Berlin"]
[BlackTeam "SK Münster"]
[PlyCount "67"]
[WhiteFideId "12970719"]
[BlackFideId "16222466"]
[EventCountry "GER"]
[EventRounds "7"]
[EventType "team-swiss"]
[EventDate "2018.12.26"]

1. e4 c5 2. Nf3 d6 3. d4 cxd4 4. Nxd4 Nf6 5. Nc3 g6 6. Be2 Bg7 7. O-O O-O 8.
Re1 Nc6 9. Nb3 Be6 10. Bf1 Rc8 11. Bg5 a6 12. a4 Ne5 13. Nd4 Bc4 14. Bxc4 Nxc4
15. b3 Nb6 16. Re3 Rxc3 17. Bxf6 Rxe3 18. Bxg7 Kxg7 19. fxe3 Nd7 20. Qg4 Ne5
21. Qg3 Qd7 22. Rf1 Qg4 23. Qf4 Rc8 24. h3 Qxf4 25. exf4 Nc6 26. Nxc6 Rxc6 27.
c4 a5 28. Kf2 Rb6 29. Rb1 f5 30. Ke3 e5 31. g4 Kf6 32. gxf5 gxf5 33. fxe5+ dxe5
34. exf5 1/2-1/2

[Event "DVM U14 2018"]
[Site "Magdeburg GER"]
[Date "2018.12.27"]
[Round "2"]
[White "Toval, David"]
[Black "Schauties, Nico Antonio"]
[Result "0-1"]
[Termination "normal"]
[Board "3.2"]
[WhiteElo "1866"]
[BlackElo "1916"]
[WhiteClock "00:50:52"]
[BlackClock "00:12:41"]
[WhiteTeam "SK Münster"]
[BlackTeam "SV Mattnetz Berlin"]
[PlyCount "58"]
[WhiteFideId "12992755"]
[BlackFideId "16206371"]
[EventCountry "GER"]
[EventRounds "7"]
[EventType "team-swiss"]
[EventDate "2018.12.26"]

1. e4 e6 2. d4 d5 3. Nd2 Nf6 4. e5 Nfd7 5. Bd3 c5 6. c3 Nc6 7. Ne2 cxd4 8. cxd4
f6 9. Nf4 Nxd4 10. Qh5+ Ke7 11. exf6+ Nxf6 12. Ng6+ hxg6 13. Qxh8 Kf7 14. O-O
e5 15. Nb3 Ne6 16. Qh4 Be7 17. f3 Qb6+ 18. Kh1 Bd7 19. Qg3 Rh8 20. Bxg6+ Kf8
21. Bf5 Bb5 22. Re1 Nh5 23. Qh3 Qf2 24. Be3 Ng3+ 25. hxg3 Rxh3+ 26. Bxh3 Qxg3
27. Bxe6 e4 28. Bxd5 exf3 29. Bxf3 Bd6 0-1

[Event "DVM U14 2018"]
[Site "Magdeburg GER"]
[Date "2018.12.27"]
[Round "2"]
[White "Schnabel, Luise"]
[Black "Schröder, Lennart"]
[Result "1/2-1/2"]
[Termination "normal"]
[Board "3.3"]
[WhiteElo "1837"]
[BlackElo "1762"]
[WhiteClock "00:08:17"]
[BlackClock "00:26:46"]
[WhiteTeam "SV Mattnetz Berlin"]
[BlackTeam "SK Münster"]
[PlyCount "61"]
[WhiteFideId "12943347"]
[BlackFideId "16222490"]
[EventCountry "GER"]
[EventRounds "7"]
[EventType "team-swiss"]
[EventDate "2018.12.26"]

1. e4 c5 2. Nf3 d6 3. d4 cxd4 4. Nxd4 Nf6 5. Nc3 g6 6. Be2 Bg7 7. O-O O-O 8.
Bg5 Nc6 9. Nb3 Be6 10. Kh1 Rc8 11. f4 a6 12. Bf3 Na5 13. Nxa5 Qxa5 14. Nd5 Bxd5
15. exd5 Rc5 16. c3 Qb5 17. Bxf6 Bxf6 18. Qd2 Qd7 19. Rac1 b5 20. Be4 e6 21.
Rcd1 e5 22. f5 Kg7 23. Rf3 g5 24. Qe2 h6 25. Rg3 Rh8 26. Qh5 Qe7 27. Rg4 Rc7
28. Rd3 Rc5 29. Rd1 Rc7 30. Rd3 Rc5 31. Rd1 1/2-1/2

[Event "DVM U14 2018"]
[Site "Magdeburg GER"]
[Date "2018.12.27"]
[Round "2"]
[White "Weidemann, Jakob"]
[Black "Ho, Ngoc Hai-Dang"]
[Result "1/2-1/2"]
[Termination "normal"]
[Board "3.4"]
[WhiteElo "1533"]
[BlackElo "1719"]
[WhiteClock "00:21:38"]
[BlackClock "00:08:04"]
[WhiteTeam "SK Münster"]
[BlackTeam "SV Mattnetz Berlin"]
[PlyCount "70"]
[WhiteFideId "16255470"]
[BlackFideId "16206509"]
[EventCountry "GER"]
[EventRounds "7"]
[EventType "team-swiss"]
[EventDate "2018.12.26"]

1. e4 e5 2. Nf3 Nc6 3. Bc4 Bc5 4. d3 Nf6 5. O-O d6 6. c3 Bb6 7. Nbd2 O-O 8. h3
h6 9. Re1 Be6 10. Bb3 Qd7 11. Nf1 Ne7 12. Ng3 Ng6 13. d4 Bxb3 14. Qxb3 Rfe8 15.
Be3 exd4 16. Bxd4 Qe6 17. Qxe6 Rxe6 18. Bxb6 axb6 19. a3 Rae8 20. Nd2 d5 21. f3
dxe4 22. Ndxe4 Nxe4 23. Rxe4 Rxe4 24. Nxe4 Ne5 25. Re1 f5 26. f4 Kf8 27. fxe5
Rxe5 28. Kf2 fxe4 29. Ke3 Ke7 30. Kf4 Kf6 31. Rxe4 g5+ 32. Ke3 b5 33. Rxe5 Kxe5
34. g4 b6 35. b3 c5 1/2-1/2

[Event "DVM U14 2018"]
[Site "Magdeburg GER"]
[Date "2018.12.27"]
[Round "2"]
[White "Astner, Sebastian"]
[Black "Yi, Danny"]
[Result "0-1"]
[Termination "normal"]
[Board "4.1"]
[WhiteElo "1907"]
[BlackElo "2133"]
[WhiteClock "00:12:21"]
[BlackClock "00:00:39"]
[WhiteTeam "FC Ergolding"]
[BlackTeam "SF 59 Kornwestheim"]
[PlyCount "126"]
[WhiteFideId "12979422"]
[BlackFideId "12988588"]
[EventCountry "GER"]
[EventRounds "7"]
[EventType "team-swiss"]
[EventDate "2018.12.26"]

1. e4 e5 2. Nf3 Nc6 3. d4 exd4 4. Bc4 Nf6 5. e5 d5 6. Bb5 Ne4 7. Nxd4 Bd7 8.
Bxc6 bxc6 9. O-O Bc5 10. Be3 O-O 11. f3 Ng5 12. f4 Ne4 13. Nd2 Nxd2 14. Qxd2
Bb6 15. c3 Qe7 16. Rae1 f6 17. e6 c5 18. Nb3 Bxe6 19. Kh1 Qd6 20. Bxc5 Bxc5 21.
Nxc5 Bf7 22. b4 Rfe8 23. Kg1 a5 24. a3 axb4 25. axb4 Qc6 26. Rf2 Bh5 27. h3
Rxe1+ 28. Qxe1 Re8 29. Qd2 Qa8 30. g4 Bf7 31. Kh2 Qa1 32. Re2 Rxe2+ 33. Qxe2
Qxc3 34. Qe7 h6 35. Nd7 Qb2+ 36. Kg3 Qa3+ 37. Kf2 Qa8 38. Ke3 h5 39. g5 fxg5
40. Ne5 gxf4+ 41. Kxf4 Qf8 42. Qxc7 Qxb4+ 43. Kg3 Qe1+ 44. Kg2 Qe2+ 45. Kg1
Qe3+ 46. Kg2 Be6 47. Qb8+ Kh7 48. Qb1+ Kh8 49. Qb8+ Bg8 50. Ng6+ Kh7 51. Nf8+
Kh6 52. Qd6+ Kg5 53. Qg6+ Kh4 54. Qxg7 Qxh3+ 55. Kf2 Qh2+ 56. Kf3 Qh3+ 57. Kf2
Qf5+ 58. Ke2 Qg4+ 59. Qxg4+ hxg4 60. Ng6+ Kh3 61. Kf2 Kh2 62. Nf4 g3+ 63. Kf3
Bh7 0-1

[Event "DVM U14 2018"]
[Site "Magdeburg GER"]
[Date "2018.12.27"]
[Round "2"]
[White "Afonso, Nils"]
[Black "Lohr, Maximilian"]
[Result "1/2-1/2"]
[Termination "normal"]
[Board "4.2"]
[WhiteElo "2012"]
[BlackElo "1940"]
[WhiteClock "00:06:20"]
[BlackClock "00:20:45"]
[WhiteTeam "SF 59 Kornwestheim"]
[BlackTeam "FC Ergolding"]
[PlyCount "103"]
[WhiteFideId "12990582"]
[BlackFideId "12999717"]
[EventCountry "GER"]
[EventRounds "7"]
[EventType "team-swiss"]
[EventDate "2018.12.26"]

1. d4 d5 2. c4 e6 3. Nc3 f5 4. g3 Nf6 5. Bg2 c6 6. Nf3 Bd6 7. O-O O-O 8. Qc2 b6
9. b3 Ne4 10. Be3 Nd7 11. Nd2 Bb7 12. Rae1 e5 13. Nf3 Qe7 14. cxd5 cxd5 15.
Nxe4 fxe4 16. dxe5 Nxe5 17. Nxe5 Bxe5 18. Qd2 d4 19. Bg5 Qd6 20. Qc2 Rac8 21.
Qb1 h6 22. Bc1 Rfe8 23. Bb2 Bf6 24. Rc1 Rcd8 25. Rfe1 Re7 26. Rc4 b5 27. Rcc1
b4 28. Red1 a5 29. Ba1 Qb6 30. Qc2 Rc8 31. Qb1 Rxc1 32. Rxc1 Qd6 33. Qc2 d3 34.
Qc4+ Bd5 35. Qc8+ Kf7 36. Bxf6 Kxf6 37. exd3 exd3 38. Bxd5 Qxd5 39. Rd1 d2 40.
Qf8+ Rf7 41. Qb8 Kg6 42. Qb6+ Rf6 43. Qe3 Rd6 44. f3 Kf6 45. Kf2 g5 46. h4 Rd7
47. Qb6+ Kg7 48. hxg5 hxg5 49. Qe3 Kf8 50. Qb6 Rf7 51. Qe3 Rd7 52. Kg2 1/2-1/2

[Event "DVM U14 2018"]
[Site "Magdeburg GER"]
[Date "2018.12.27"]
[Round "2"]
[White "Sowka, Patrick"]
[Black "Kluge, Malte"]
[Result "1/2-1/2"]
[Termination "normal"]
[Board "4.3"]
[WhiteElo "1571"]
[BlackElo "1584"]
[WhiteClock "00:31:54"]
[BlackClock "00:56:49"]
[WhiteTeam "FC Ergolding"]
[BlackTeam "SF 59 Kornwestheim"]
[PlyCount "51"]
[WhiteFideId "16234944"]
[BlackFideId "16243838"]
[EventCountry "GER"]
[EventRounds "7"]
[EventType "team-swiss"]
[EventDate "2018.12.26"]

1. d4 Nf6 2. Nf3 g6 3. e3 Bg7 4. Bd3 O-O 5. O-O d5 6. Nbd2 c5 7. c3 Nc6 8. Re1
Re8 9. Ne5 Qc7 10. f4 Nd7 11. Qf3 f6 12. Nxd7 Qxd7 13. Bc2 e5 14. Nb3 cxd4 15.
exd4 b6 16. Be3 Ba6 17. Rad1 e4 18. Qf2 Ne7 19. Rc1 Nf5 20. Bd1 Nxe3 21. Qxe3
f5 22. Be2 Bxe2 23. Qxe2 Qc7 24. g3 Rac8 25. Qb5 Qc6 26. Qxc6 1/2-1/2

[Event "DVM U14 2018"]
[Site "Magdeburg GER"]
[Date "2018.12.27"]
[Round "2"]
[White "Afonso, Phil"]
[Black "Handschuh, Felix"]
[Result "1/2-1/2"]
[Termination "normal"]
[Board "4.4"]
[WhiteElo "1595"]
[BlackElo "1524"]
[WhiteClock "01:19:09"]
[BlackClock "00:44:05"]
[WhiteTeam "SF 59 Kornwestheim"]
[BlackTeam "FC Ergolding"]
[PlyCount "45"]
[WhiteFideId "16207475"]
[BlackFideId "12997447"]
[EventCountry "GER"]
[EventRounds "7"]
[EventType "team-swiss"]
[EventDate "2018.12.26"]

1. e4 e6 2. d4 d5 3. e5 b6 4. Nf3 Ne7 5. c3 Qd7 6. Be2 Ba6 7. O-O Nf5 8. Bxa6
Nxa6 9. Qe2 Nb8 10. Rd1 c5 11. dxc5 bxc5 12. Nbd2 Nc6 13. Nb3 c4 14. Nbd4 Nfe7
15. Nxc6 Qxc6 16. Nd4 Qb7 17. Qc2 Nc6 18. Nxc6 Qxc6 19. Be3 Bc5 20. Bxc5 Qxc5
21. Qa4+ Ke7 22. Rd4 Rhb8 23. Rb1 1/2-1/2

[Event "DVM U14 2018"]
[Site "Magdeburg GER"]
[Date "2018.12.27"]
[Round "2"]
[White "Lauterbach, Kolja"]
[Black "Skabs, Denis"]
[Result "0-1"]
[Termination "normal"]
[Board "5.1"]
[WhiteElo "1678"]
[BlackElo "1706"]
[WhiteTeam "SK Freiburg-Zähringen"]
[BlackTeam "SF Brackel"]
[PlyCount "70"]
[WhiteFideId "16235916"]
[BlackFideId "16248449"]
[EventCountry "GER"]
[EventRounds "7"]
[EventType "team-swiss"]
[EventDate "2018.12.26"]

1. e4 e5 2. Nf3 Nc6 3. Bc4 Nf6 4. d4 exd4 5. e5 d5 6. Bb5 Ne4 7. Nxd4 Bc5 8.
Be3 O-O 9. Bxc6 bxc6 10. Nxc6 Bxe3 11. Nxd8 Bxf2+ 12. Ke2 Bg4+ 13. Kd3 Bxd1 14.
Nc6 Bg4 15. Nd2 Nxd2 16. Kxd2 Rfe8 17. Rhf1 Bb6 18. Rae1 Bd7 19. Nb4 Ba5 20. c3
Bxb4 21. cxb4 Re7 22. Rc1 c6 23. b5 Rc8 24. Rc5 Rxe5 25. Rfc1 Re6 26. a4 Kf8
27. b4 Ke7 28. a5 Kd6 29. Kd3 Re4 30. b6 axb6 31. axb6 Rxb4 32. R5c2 Rxb6 33.
Rf1 f6 34. Kd2 c5 35. Rfc1 d4 0-1

[Event "DVM U14 2018"]
[Site "Magdeburg GER"]
[Date "2018.12.27"]
[Round "2"]
[White "Eberwein, Leander"]
[Black "Straub, Benno"]
[Result "0-1"]
[Termination "normal"]
[Board "5.2"]
[WhiteElo "1332"]
[BlackElo "1560"]
[WhiteTeam "SF Brackel"]
[BlackTeam "SK Freiburg-Zähringen"]
[PlyCount "108"]
[WhiteFideId "16274954"]
[BlackFideId "16255488"]
[EventCountry "GER"]
[EventRounds "7"]
[EventType "team-swiss"]
[EventDate "2018.12.26"]

1. e4 e5 2. Nf3 Nc6 3. Bc4 Bc5 4. d3 Nf6 5. Nc3 d6 6. h3 h6 7. Be3 Bb6 8. Qd2
Be6 9. Bb3 O-O 10. O-O Na5 11. Bxe6 fxe6 12. Na4 Nc6 13. Nxb6 axb6 14. a3 d5
15. exd5 exd5 16. d4 Ne4 17. Qd3 exd4 18. Nxd4 Ne5 19. Qe2 c5 20. Ne6 Qd7 21.
Nxf8 Rxf8 22. Rad1 Re8 23. Bf4 Nc6 24. Rfe1 Nd4 25. Qd3 Qf5 26. Be3 Rf8 27.
Bxd4 cxd4 28. f3 Nc5 29. Qxf5 Rxf5 30. Rxd4 Kf7 31. Kf2 Ne4+ 32. Kg1 Nd6 33. g4
Rxf3 34. Rf1 Rxf1+ 35. Kxf1 Ke6 36. Kf2 Nc4 37. b3 Nxa3 38. Rb4 b5 39. c4 bxc4
40. bxc4 dxc4 41. Rxb7 g5 42. Rb6+ Kd5 43. Rxh6 c3 44. Ke2 Nc4 45. Kd3 Ne5+ 46.
Kxc3 Ke4 47. Re6 Kf4 48. Rxe5 Kxe5 49. Kd3 Kf4 50. Kd4 Kg3 51. Ke5 Kxh3 52. Ke4
Kxg4 53. Ke3 Kg3 54. Ke2 Kg2 0-1

[Event "DVM U14 2018"]
[Site "Magdeburg GER"]
[Date "2018.12.27"]
[Round "2"]
[White "Tolstorukova, Amelie"]
[Black "Vetter, Moritz Friedrich"]
[Result "0-1"]
[Termination "normal"]
[Board "5.3"]
[WhiteElo "1174"]
[BlackElo "1421"]
[WhiteTeam "SK Freiburg-Zähringen"]
[BlackTeam "SF Brackel"]
[PlyCount "66"]
[WhiteFideId "16255496"]
[BlackFideId "16274962"]
[EventCountry "GER"]
[EventRounds "7"]
[EventType "team-swiss"]
[EventDate "2018.12.26"]

1. d4 d5 2. Bf4 Bf5 3. e3 e6 4. Nf3 Nf6 5. Nbd2 c5 6. c3 Nc6 7. Be2 Be7 8. Ne5
O-O 9. Ndf3 Ne4 10. Bd3 f6 11. Nxc6 bxc6 12. Bxe4 Bxe4 13. O-O c4 14. Re1 Qb6
15. b4 a5 16. a3 Kh8 17. Nd2 Bd3 18. e4 Rf7 19. e5 f5 20. Qh5 g6 21. Qh3 g5 22.
Qh6 gxf4 23. Qxf4 Rg8 24. Re3 Bg5 25. Qf3 Bxe3 26. Qxe3 Be4 27. f3 f4 28. Qf2
Bd3 29. Qh4 Rfg7 30. Qh3 Bf5 31. Qh6 Rxg2+ 32. Kf1 Rg1+ 33. Ke2 R8g2# 0-1

[Event "DVM U14 2018"]
[Site "Magdeburg GER"]
[Date "2018.12.27"]
[Round "2"]
[White "Butusov, Maxim"]
[Black "Trimpin, Fynn"]
[Result "0-1"]
[Termination "normal"]
[Board "5.4"]
[WhiteElo "957"]
[BlackElo "1190"]
[WhiteTeam "SF Brackel"]
[BlackTeam "SK Freiburg-Zähringen"]
[PlyCount "104"]
[WhiteFideId "16264320"]
[BlackFideId "16255500"]
[EventCountry "GER"]
[EventRounds "7"]
[EventType "team-swiss"]
[EventDate "2018.12.26"]

1. e4 e5 2. Nf3 Nc6 3. Bc4 Nf6 4. d3 h6 5. a3 Bc5 6. Be3 Bb6 7. Nc3 d6 8. Bb5
Bg4 9. Nd5 O-O 10. Nxf6+ Qxf6 11. Qe2 Nd4 12. Bxd4 Bxd4 13. c3 c6 14. Bc4 b5
15. Bb3 Bb6 16. h3 Be6 17. c4 Rac8 18. a4 a6 19. a5 Bc5 20. Qd2 Qg6 21. Nh4 Qh5
22. g3 g5 23. Bd1 g4 24. Qe2 Kh7 25. hxg4 Qg5 26. Ng2 Rg8 27. Rh4 Qf6 28. Qf3
Qxf3 29. Bxf3 bxc4 30. dxc4 Rb8 31. Ne3 Rxb2 32. O-O-O Ba3 33. Rd3 Rxf2+ 34.
Rxa3 Rxf3 35. Nf5 Rf1+ 36. Kc2 Bxf5 37. exf5 Rf2+ 38. Kd1 Rb2 39. Rd3 Rb4 40.
Rxd6 Rxc4 41. Rdxh6+ Kg7 42. f6+ Kf8 43. R6h5 Rd4+ 44. Ke2 Rd6 45. Rxe5 Rxf6
46. g5 Rfg6 47. Rh5 f6 48. gxf6 Rxf6 49. Rh3 Rfg6 50. Kf3 Rf6+ 51. Kg2 Rg7 52.
Rh8+ Kf7 {Rest nicht nachvollziehbar} 0-1

[Event "DVM U14 2018"]
[Site "Magdeburg GER"]
[Date "2018.12.27"]
[Round "2"]
[White "Glinzner, Alva"]
[Black "Lutz, Ruben"]
[Result "0-1"]
[Termination "normal"]
[Board "6.1"]
[WhiteElo "1889"]
[BlackElo "2037"]
[WhiteTeam "Lübecker SV"]
[BlackTeam "USV TU Dresden"]
[PlyCount "112"]
[WhiteFideId "16206169"]
[BlackFideId "12975974"]
[EventCountry "GER"]
[EventRounds "7"]
[EventType "team-swiss"]
[EventDate "2018.12.26"]

1. e4 e6 2. d4 d5 3. Nd2 c5 4. exd5 exd5 5. Ngf3 Nc6 6. dxc5 Bxc5 7. Bd3 Nf6 8.
O-O O-O 9. h3 Re8 10. Nb3 Bd6 11. Be3 Ne4 12. Nbd4 Qe7 13. Re1 Ne5 14. Be2 Bd7
15. c3 Nc4 16. Bc1 Qf6 17. Rf1 Rac8 18. Nc2 Qg6 19. Nh4 Qf6 20. Nf3 Bc5 21.
Nfd4 Qb6 22. Ne3 Nxb2 23. Bxb2 Qxb2 24. Nxd5 Nxc3 25. Nxc3 Qxc3 26. Nb3 Be6 27.
Nxc5 Qxc5 28. Bf3 b6 29. Qd2 Red8 30. Qf4 Qd4 31. Qg5 h6 32. Qg3 Qb2 33. Rfb1
Qc2 34. Re1 Rd2 35. Be4 Qb2 36. a3 Qd4 37. a4 Rd8 38. Qf3 Bd5 39. Bxd5 Qxd5 40.
Qe3 Qd4 41. Qf3 a5 42. Rf1 Re8 43. Rab1 Re6 44. Qg3 Qxa4 45. Qb8+ Kh7 46. Rxb6
Rxb6 47. Qxb6 Rd1 48. Rxd1 Qxd1+ 49. Kh2 a4 50. Qe3 Qb3 51. Qe4+ g6 52. Qe5 a3
53. Qe7 a2 54. Qf6 Qe6 55. Qb2 Qa6 56. Qa1 Qa3 0-1

[Event "DVM U14 2018"]
[Site "Magdeburg GER"]
[Date "2018.12.27"]
[Round "2"]
[White "Lutz, Adam"]
[Black "Bornholdt, Joa Max"]
[Result "0-1"]
[Termination "normal"]
[Board "6.2"]
[WhiteElo "1782"]
[BlackElo "1649"]
[WhiteTeam "USV TU Dresden"]
[BlackTeam "Lübecker SV"]
[PlyCount "168"]
[WhiteFideId "16226615"]
[BlackFideId "16253477"]
[EventCountry "GER"]
[EventRounds "7"]
[EventType "team-swiss"]
[EventDate "2018.12.26"]

1. e4 c6 2. d4 d5 3. exd5 cxd5 4. Bd3 Nc6 5. c3 Nf6 6. h3 e6 7. Nf3 Qc7 8. O-O
Be7 9. Re1 O-O 10. Bg5 Bd7 11. Nbd2 h6 12. Bh4 Rab8 13. Bg3 Bd6 14. Ne5 b5 15.
Rc1 Rfc8 16. Ndf3 Na5 17. b3 Be8 18. Qe2 Qb6 19. Bh4 Nd7 20. Bb1 Nf8 21. Qe3
Rb7 22. Ng4 f5 23. Nge5 g5 24. Bg3 Qd8 25. Bh2 Qf6 26. Qd2 Nc6 27. Bd3 Ne7 28.
Kh1 Bb8 29. Qe2 a6 30. Nd2 Neg6 31. Nxg6 Bxg6 32. a4 Be8 33. b4 Bxh2 34. Kxh2
Rbc7 35. axb5 axb5 36. Nb1 Rb8 37. Na3 Rcb7 38. Ra1 Qd8 39. Nb1 h5 40. Ra5 g4
41. Na3 Qc7+ 42. Kh1 Qxc3 43. Nc2 Qc7 44. Qe3 Qg7 45. Rea1 Bd7 46. Ra7 Ng6 47.
Qg5 Bc6 48. Rxb7 Rxb7 49. Ra8+ Nf8 50. Qxg7+ Kxg7 51. Ra6 Be8 52. Na3 Rc7 53.
Bxb5 Bxb5 54. Nxb5 Rc4 55. Ra7+ Kg6 56. Ra4 h4 57. Kh2 Rc2 58. Ra1 Rb2 59. hxg4
fxg4 60. Re1 Rxb4 61. Nc7 Kf7 62. Rd1 Rb2 63. Kg1 Nh7 64. Na6 Ng5 65. Nc5 Kf6
66. Nd7+ Kf5 67. Ne5 Ne4 68. f3 Nf2 69. fxg4+ Nxg4 70. Rf1+ Kg5 71. Nf3+ Kh5
72. Re1 Rb6 73. Kf1 Nf6 74. Re5+ Kg4 75. Ng5 Rb1+ 76. Kf2 Rb2+ 77. Kf1 Kg3 78.
Rxe6 Ng4 79. Nf3 Rxg2 80. Ne5 Ne3+ 81. Ke1 Nc2+ 82. Kf1 h3 83. Rg6+ Kh2 84.
Ng4+ Rxg4 0-1

[Event "DVM U14 2018"]
[Site "Magdeburg GER"]
[Date "2018.12.27"]
[Round "2"]
[White "Silini, Jalel"]
[Black "Peukert, Marc"]
[Result "0-1"]
[Termination "normal"]
[Board "6.3"]
[WhiteElo "1717"]
[BlackElo "1510"]
[WhiteTeam "Lübecker SV"]
[BlackTeam "USV TU Dresden"]
[PlyCount "116"]
[WhiteFideId "16215397"]
[BlackFideId "16259440"]
[EventCountry "GER"]
[EventRounds "7"]
[EventType "team-swiss"]
[EventDate "2018.12.26"]

1. e4 c5 2. Nf3 Nc6 3. d4 cxd4 4. Nxd4 g6 5. Be3 Bg7 6. Nc3 Nf6 7. Be2 e6 8.
Nxc6 bxc6 9. Bc5 d5 10. exd5 cxd5 11. O-O Nd7 12. Bd6 Qb6 13. Nb5 a6 14. Nc7+
Kd8 15. Nxa8 Qxd6 16. Qd2 Bb7 17. Qa5+ Ke7 18. Nc7 Rc8 19. Nxa6 Ra8 20. Qd2
Bxa6 21. Bxa6 Rxa6 22. c3 Nf6 23. f3 Nd7 24. a3 Qc5+ 25. Qf2 Qxf2+ 26. Rxf2 d4
27. Rc2 dxc3 28. bxc3 Nc5 29. Kf2 Ra4 30. Ke2 Rc4 31. Rb1 Ra4 32. Ra1 Nb3 33.
Raa2 Na5 34. Kd3 Nc4 35. Rc1 Bf8 36. Rb1 Kf6 37. Rb7 Nxa3 38. Rc7 Ra5 39. c4
Bc5 40. Rxc5 Rxc5 41. Rxa3 Rh5 42. Rc3 Rxh2 43. c5 Ke7 44. c6 Kd8 45. c7+ Kc8
46. Rc2 Rh4 47. Ke3 Rb4 48. g4 Rb7 49. g5 Rxc7 50. Rxc7+ Kxc7 51. Kd4 Kd6 52.
f4 Ke7 53. Ke5 Kf8 54. Kd6 Kg8 55. Kd7 Kf8 56. Kd8 f6 57. gxf6 Kf7 58. Kd7 Kxf6
0-1